Normal view MARC view
  • Santa-Anna, Adán

Entry Nombre Personal

Number of records used in: 2

001 - NUMERO DE CONTROL

  • campo de control: 44880

003 - IDENTIFICADOR DE NUMERO DE CONTROL

  • campo de control: DLC

005 - FECHA Y HORA DE LA ÜLTIMA TRANSACCIÓN

  • campo de control: 20220614145039.0

008 - DATOS DE LONGITUD FIJA

  • campo de control de longitud fija: 981214n| acannaabn |a aaa d

010 ## - NÚMERO DE CONTROL DE LA BIBLIOTECA DEL CONGRESO

  • Número de control LC: no 98130637

035 ## - NUMERO DE CONTROL

  • Número de control: (OCoLC)oca04881290

040 ## - FUENTE DE CATALOGACIÓN

  • Agencia original de catalogación: AzTeS
  • Lenguaje de catalogación: spa
  • Agencia de transcripción: AzTeS
  • Agencia que lo modifica: OCoLC
  • Agencia que lo modifica: MX-MxUPN

100 1# - ENCABEZAMIENTO - NOMBRE PERSONAL

  • Nombre personal: Santa-Anna, Adán

670 ## - FUENTE EN LA QUE SE LOCALIZARON DATOS

  • Cita de la fuente: Estudio de la historia de Mexico en las escuelas secundarias, 1940:
  • Información localizada: portada (Adán Santa-Anna)

902 ## - CATALOGADOR

  • Catalogador: VRC/140622